Theories of Personality / Fifth Edition (Record no. 275)
[ view plain ]
| 000 -LEADER | |
|---|---|
| fixed length control field | 01434cam a22002054a 4500 |
| 005 - ΗΜΕΡΟΜΗΝΙΑ ΚΑΙ ΩΡΑ ΤΕΛΕΥΤΑΙΑΣ ΕΝΗΜΕΡΩΣΗΣ | |
| Πεδίο ελέγχου | 20250605163930.0 |
| 008 - FIXED-LENGTH DATA ELEMENTS--GENERAL INFORMATION | |
| Πεδίο ελέγχου σταθερού μήκους | 250528s ||||||||||||||||||||||||d |
| 035 ## - SYSTEM CONTROL NUMBER | |
| System control number | 14651 |
| 020 ## - ISBN | |
| ISBN | 53416644 |
| 040 ## - ΠΗΓΗ ΚΑΤΑΛΟΓΟΓΡΑΦΗΣΗΣ | |
| Φορέας πρωτότυπης καταλογογράφησης | MC Athens Campus Library |
| Γλώσσα καταλογογράφησης | Ελληνικά, Μοντέρνα (1453-) |
| Modifying agency | MC Athens Campus Library |
| Κανόνες περιγραφικής καταλογογράφησης | AACR2 |
| 245 1# - ΤΙΤΛΟΣ ΚΑΙ ΔΗΛΩΣΗ ΥΠΕΥΘΥΝΟΤΗΤΑΣ | |
| Τίτλος | Theories of Personality / Fifth Edition |
| 250 ## - EDITION STATEMENT | |
| Edition statement | 5th |
| 260 ## - PUBLICATION, DISTRIBUTION, ETC. | |
| Name of publisher, distributor, etc. | Brooks/Cole Publishing Company, |
| Date of publication, distribution, etc. | 1993 |
| 300 ## - PHYSICAL DESCRIPTION | |
| Extent | 622 |
| 520 ## - SUMMARY, ETC. | |
| Summary, etc. | An Introduction to the Discipline, Personality and the Scientific Outlook, Psychoanalytic and Neoanalytic Perspectives, Freud's Psychoanalytic Theory, Jung's Analytical Psychology, Adler's Individual Psychology, Horney's Social and Cultural Psychoanalysis, Fromm's Humanistic Psychoanalysis, Errikson's Psychoanalytic Ego Psychology, Trait Perspectives, Allport's Trait Theory, Cattell's Structure-Based Systems Theory, Eysenck's Biological Typology, Cognitive Perspectives, Kelly's Theory of Personal Xonstructs, Humanistic and Existential Perspectives, Maslow's Self-Actualization Position, Roger's Person-Centered Theory, May's Existential-Analytic Position, Social-Behavioristic Perspectives, Skinner's Operant Analysis, Rotter's Expectancy-Reinforcement Value Model, Bandura's Social Cognitive Theory, The Role of Personality Theories in Contemporary Personality Psychology, Contributions of Personality Theories to the Discipline. |
| 700 1# - ΠΡΟΣΘΕΤΗ ΑΝΑΓΡΑΦΗ--ΦΥΣΙΚΟ ΠΡΟΣΩΠΟ | |
| Personal name | Ryckman Richard M |
| 9 (RLIN) | 384 |
| 942 ## - ADDED ENTRY ELEMENTS (KOHA) | |
| Koha item type | Books |
| Τύπος τεκμηρίου | Βιβλιοθήκη | Τρέχουσα τοποθεσία | Barcode | Αριθμός εισαγωγής | Ημερομηνία απόκτησης | Ταξιθετικό σύμβολο | Αριθμός αντιτύπου | Κατάσταση απόσυρσης | Κατάσταση χαμένου | Κατάσταση κατεστραμμένου | Μη δανεισμός | Σύνολο δανεισμών | Σύνολο ανανεώσεων | Ημερομηνία λήξης | Ημερομηνία τελευταίας εμφάνισης | Χρονολογία τελευταίου δανεισμού | Η τιμή ισχύει από |
|---|---|---|---|---|---|---|---|---|---|---|---|---|---|---|---|---|---|
| Books | MC Athens Campus Library | MC Athens Campus Library | 9780000002747 | 3264 | 05/06/2025 | 155.2 RYC | 1 | 1 | 2 | 06/01/2026 | 16/12/2025 | 16/12/2025 | 05/06/2025 |